Incorporation of scientific and local knowledge in rubber farming systems: A useful tool (Record no. 61004)

MARC details
000 -LEADER
fixed length control field 00473nam a2200145Ia 4500
100 ## - MAIN ENTRY--AUTHOR NAME
Personal name Senevirathna A M W K
245 #0 - TITLE STATEMENT
Title Incorporation of scientific and local knowledge in rubber farming systems: A useful tool
260 ## - PUBLICATION, DISTRIBUTION, ETC. (IMPRINT)
Name of publisher Bulletin of the Rubber Research Institute of Sri Lanka
Year of publication 2006
300 ## - PHYSICAL DESCRIPTION
Number of Pages 7-Jan
650 ## - SUBJECT ADDED ENTRY--TOPICAL TERM
Topical Term Knowledge database
650 ## - SUBJECT ADDED ENTRY--TOPICAL TERM
Topical Term Rubber based farming system
650 ## - SUBJECT ADDED ENTRY--TOPICAL TERM
Topical Term Sri Lanka
942 ## - ADDED ENTRY ELEMENTS (KOHA)
Koha item type Journals
Holdings
Withdrawn status Lost status Damaged status Not for loan Home library Current library Shelving location Date acquired Serial Enumeration / chronology Koha item type
      Journals RRII Library RRII Library Agronomy 01/01/2021 Volume 47, Issue Journals